000 00487nam a22001577a 4500
005 20251121161131.0
008 251121b |||||||| |||| 00| 0 eng d
020 _a978-1-305-97061-8
100 _aZILL, DENNIS G.
245 _aA FIRST COURSE IN DIFFERENTIAL EQUATIONS WITH MODELLING APPLICATIONS
_b A METRIC VERSION
250 _a10TH ED
260 _bCENGAGE LEARNING
_c2016
300 _aXI, 384P.
650 _a1. DIFFERENTIAL EQUATIONS 2, MATHEMATICAL MODELS
942 _2lcc
_cBK
999 _c216259
_d216259